In search of shrodinger's cat

Đã lưu trong:
书目详细资料
主要作者: Gribbin, John
格式: 图书
语言:Undetermined
出版: New York Bantam books 1984
主题:
标签: 添加标签
没有标签, 成为第一个标记此记录!
Thư viện lưu trữ: Trung tâm Học liệu Trường Đại học Cần Thơ
LEADER 00476nam a2200181Ia 4500
001 CTU_80103
008 210402s9999 xx 000 0 und d
082 |a 530.1 
082 |b G846 
100 |a Gribbin, John 
245 0 |a In search of shrodinger's cat 
245 0 |c John Gribbin 
260 |a New York 
260 |b Bantam books 
260 |c 1984 
650 |a Quantum theory,Reality 
904 |i Trọng Hải 
980 |a Trung tâm Học liệu Trường Đại học Cần Thơ